Hình tượng người chiến sý cách mạng Ruồi trâu trong tiểu thuyết Ruổi Trâu của Eten Lilian Voinits
Eten Lilian Voinits và nghệ thuật xây dựng hình tượng nhân vật. Ruồi trâu biểu tượng của người chiến sĩ cách mạng kiên cường
Uloženo v:
| Hlavní autor: | |
|---|---|
| Další autoři: | |
| Médium: | Kniha |
| Jazyk: | Vietnamese |
| Vydáno: |
Đại học Đà Nẵng
Trường Đại học Sư Phạm
2011
|
| Edice: | Khóa luận tốt nghiệp Đại học. Chuyên ngành: Cử nhân văn học
|
| Témata: | |
| Tagy: |
Přidat tag
Žádné tagy, Buďte první, kdo otaguje tento záznam!
|
| Thư viện lưu trữ: | Mạng thư viện Đại học Đà Nẵng |
|---|
| LEADER | 01631nam a2200385 4500 | ||
|---|---|---|---|
| 001 | 000011161 | ||
| 003 | 7393 | ||
| 005 | 20120202100224.0 | ||
| 008 | 120202s2011 viesd | ||
| 041 | |a vie | ||
| 072 | |a Khóa luận tốt nghiệp | ||
| 082 | |a 823 |b TÔ-Y | ||
| 100 | |a Tô, Thị Hải Yến | ||
| 245 | |a Hình tượng người chiến sý cách mạng Ruồi trâu trong tiểu thuyết Ruổi Trâu của Eten Lilian Voinits |c Tô, Thị Hải Yến | ||
| 260 | |a Đại học Đà Nẵng |b Trường Đại học Sư Phạm |c 2011 | ||
| 300 | |a 64 tr. |b Ảnh minh họa |c 29 cm | ||
| 490 | |a Khóa luận tốt nghiệp Đại học. Chuyên ngành: Cử nhân văn học | ||
| 500 | |a Tham khảo trang 64 | ||
| 520 | |a Eten Lilian Voinits và nghệ thuật xây dựng hình tượng nhân vật. Ruồi trâu biểu tượng của người chiến sĩ cách mạng kiên cường | ||
| 653 | |a Ruồi trâu | ||
| 653 | |a Eten Lilian Voinits | ||
| 653 | |a Khóa luận tốt nghiệp Đại học | ||
| 653 | |a Khoa Ngữ văn | ||
| 653 | |a chiến sĩ cách mạng | ||
| 700 | |a Đặng Thị Lan |c GVC. ThS |e Hướng dẫn | ||
| OWN | |a LSP | ||
| AVA | |a UDN50 |b LSP |d 823 TÔ-Y |e available |t Error 5001 Not defined in file expand_doc_bib_avail. |f 1 |g 0 |h N |i 0 |k 1 | ||
| 999 | |a From the UDN01 | ||
| AVA | |a UDN50 |b LSP |d 823 TÔ-Y |e available |t Error 5001 Not defined in file expand_doc_bib_avail. |f 1 |g 0 |h N |i 0 |k 1 | ||
| TYP | |a Monograph | ||
| TYP | |a Printed language | ||
| 980 | |a Mạng thư viện Đại học Đà Nẵng | ||